[Event "XXXV Memorial Edoardo Crespi Magistrale"]
[Site "Milano ITA"]
[Date "2014.12.12"]
[Round "8"]
[White "Goossens, Hanne"]
[Black "Brociner, Beniamino"]
[WhiteElo "2090"]
[BlackElo "2202"]
[Result "0-1"]
[PlyCount "162"]
[EventDate "2014.12.06"]

1. e4 c5 2. Nf3 e6 3. d4 cxd4 4. Nxd4 Nf6 5. Nc3 Nc6 6. Be3 Bb4 7. Nxc6 bxc6 8.
e5 Nd5 9. Bd2 Qh4 10. Bd3 Qd4 11. O-O Qxe5 12. Re1 Qb8 13. Qg4 Kf8 14. h4 Nf6
15. Qf3 d5 16. h5 h6 17. Bf4 Bd6 18. Bxd6+ Qxd6 19. Qe2 Bd7 20. Rad1 Re8 21.
Ba6 e5 22. Ne4 Nxe4 23. Qxe4 f5 24. Qh4 Kf7 25. c4 d4 26. Qg3 Rhf8 27. c5 Qf6
28. Qb3+ Be6 29. Qb7+ Re7 30. Qxc6 Bxa2 31. Qa4 Bd5 32. Bc4 Rd8 33. Bxd5+ Rxd5
34. Qc4 Qc6 35. b4 a5 36. f4 axb4 37. Qxb4 Qxc5 38. Qxc5 Rxc5 39. fxe5 Rd5 40.
Kf2 Ke6 41. Rd3 Rc7 42. Ra3 Rc2+ 43. Kg1 Rc6 44. Rg3 Rd7 45. Ra3 d3 46. Rd1
Kxe5 47. Raxd3 Rxd3 48. Rxd3 Rc1+ 49. Kf2 Rh1 50. Rd7 Kf6 51. Rd6+ Ke7 52. Rg6
Kf7 53. Ra6 Rxh5 54. Kf3 Rh4 55. g3 Re4 56. Rb6 Re6 57. Rb8 g5 58. Rh8 Ra6 59.
Ke3 Kg6 60. Rf8 Ra3+ 61. Kf2 Kh5 62. Rxf5 Kg4 63. Rf6 Ra2+ 64. Kf1 h5 65. Rh6
Ra3 66. Kf2 Rf3+ 67. Kg2 Rxg3+ 68. Kh2 Ra3 69. Rb6 Ra2+ 70. Kg1 Kh4 71. Rb4+ g4
72. Rb5 g3 73. Rc5 Kg4 74. Rb5 h4 75. Rb4+ Kh3 76. Rb1 Ra4 77. Rc1 Kg4 78. Rb1
h3 79. Rc1 h2+ 80. Kg2 Ra2+ 81. Kh1 Kh3 0-1

[Event "XXXV Memorial Edoardo Crespi Magistrale"]
[Site "Milano ITA"]
[Date "2014.12.12"]
[Round "8"]
[White "Iudicello, Giovanni"]
[Black "Garano, Nicola"]
[WhiteElo "2099"]
[BlackElo "2189"]
[Result "1-0"]
[PlyCount "125"]
[EventDate "2014.12.06"]

1. e4 c5 2. Nf3 e6 3. d4 cxd4 4. Nxd4 a6 5. Nc3 Qc7 6. Be2 Nf6 7. Qd3 Nc6 8.
Nxc6 dxc6 9. O-O e5 10. Bg5 Bc5 11. a4 Bd4 12. Nd1 Be6 13. c3 Ba7 14. Bxf6 gxf6
15. Qf3 O-O-O 16. Ne3 Bxe3 17. Qxe3 h5 18. b4 f5 19. exf5 Bxf5 20. b5 Rdg8 21.
bxa6 b6 22. Bd3 Be6 23. Rfb1 Bd5 24. Bf5+ Kd8 25. Be4 Bxe4 26. Qxe4 Rg6 27.
Rd1+ Kc8 28. Qf5+ Re6 29. Rd2 Rd8 30. Rad1 Rxd2 31. Rxd2 Kb8 32. Qxh5 Ka7 33.
Qe2 e4 34. g3 f5 35. Qd1 Kxa6 36. Rd7 Qb8 37. Qe2+ Ka5 38. Qc4 Re5 39. Qb4+ Ka6
40. h4 e3 41. Kf1 exf2 42. Qc4+ Ka5 43. Qxc6 Rc5 44. Rd5 Rxd5 45. Qxd5+ Kxa4
46. Kxf2 Qc8 47. Qa2+ Kb5 48. Qb3+ Ka6 49. Qa4+ Kb7 50. Qd4 Qe6 51. Kf3 Qg6 52.
c4 Qh5+ 53. Kf2 Qg6 54. Qd7+ Ka6 55. Qb5+ Ka7 56. Qd7+ Ka6 57. Qd8 Qc6 58. Qd3
Qc5+ 59. Kg2 Qc6+ 60. Kh2 Qc5 61. Kg2 Qc6+ 62. Qd5 Qg6 63. Qa8# 1-0

[Event "XXXV Memorial Edoardo Crespi Magistrale"]
[Site "Milano ITA"]
[Date "2014.12.12"]
[Round "8"]
[White "Legky, Nikolay A."]
[Black "Alvarado Diaz, Alejandro"]
[WhiteElo "2406"]
[BlackElo "2358"]
[Result "1/2-1/2"]
[PlyCount "124"]
[EventDate "2014.12.06"]

1. d4 Nf6 2. c4 g6 3. Nc3 Bg7 4. g3 O-O 5. Bg2 d6 6. e3 e5 7. Nge2 c6 8. O-O a5
9. b3 Na6 10. a3 Nc7 11. Bb2 Qe7 12. b4 axb4 13. axb4 Rxa1 14. Qxa1 Be6 15.
dxe5 dxe5 16. Qa7 Bxc4 17. Qxb7 Ncd5 18. Qxc6 Qxb4 19. Ba3 Qxa3 20. Qxc4 Nxc3
21. Nxc3 Rd8 22. Rb1 Qe7 23. Nd5 Nxd5 24. Bxd5 Rf8 25. Rb7 Qf6 26. Kg2 h5 27.
Qc7 Bh6 28. Rb6 Qg7 29. Qe7 Kh7 30. Rb7 Kg8 31. Rb6 Kh7 32. Rb7 Kg8 33. Rc7 g5
34. Be4 g4 35. Rc5 Bg5 36. Qxe5 Qxe5 37. Rxe5 f6 38. Re7 f5 39. Bd5+ Kh8 40.
Rf7 Rxf7 41. Bxf7 Kg7 42. Bxh5 Kh6 43. Be8 Be7 44. Bc6 Kg5 45. Bb7 Bb4 46. Ba6
Bc5 47. Bd3 Bb6 48. Bb1 Bc5 49. Bc2 Bd6 50. Ba4 Bc5 51. Bc6 Bb6 52. Kf1 Bc5 53.
Ke2 Bb4 54. Bg2 Ba5 55. h3 Bc7 56. hxg4 fxg4 57. Bb7 Bd6 58. Bc8 Bc5 59. e4 Bd4
60. Bd7 Bc5 61. e5 Bd4 62. Bc8 Bxe5 1/2-1/2

[Event "XXXV Memorial Edoardo Crespi Magistrale"]
[Site "Milano ITA"]
[Date "2014.12.12"]
[Round "8"]
[White "Motola, Jacopo"]
[Black "Gabuzyan, Hovhannes"]
[WhiteElo "2069"]
[BlackElo "2565"]
[Result "0-1"]
[PlyCount "72"]
[EventDate "2014.12.06"]

1. e4 c5 2. Nf3 d6 3. d4 cxd4 4. Qxd4 Bd7 5. c4 Nc6 6. Qd2 g6 7. b3 Bg7 8. Nc3
Nf6 9. Bd3 O-O 10. h3 a6 11. O-O Qa5 12. Bb2 b5 13. Qe2 Nb4 14. Bb1 bxc4 15.
Qxc4 Rfc8 16. Qe2 Nh5 17. Qe3 Qc5 18. Qxc5 Rxc5 19. Nd1 Nf4 20. Bxg7 Kxg7 21.
Nb2 Bb5 22. Re1 Rac8 23. g3 Rc1 24. gxf4 Rxe1+ 25. Nxe1 Rc1 26. a4 Rxe1+ 27.
Kg2 Bf1+ 28. Kf3 Nc2 29. Bxc2 Rxa1 30. Nd1 Ra2 31. Ne3 Bxh3 32. Ke2 h5 33. Kd2
Ra1 34. Bd1 h4 35. Nc2 Bg2 36. Nxa1 h3 0-1

[Event "XXXV Memorial Edoardo Crespi Magistrale"]
[Site "Milano ITA"]
[Date "2014.12.12"]
[Round "8"]
[White "Pelizzola, Danilo"]
[Black "Andreoni, Giuseppe"]
[WhiteElo "2033"]
[BlackElo "2179"]
[Result "1/2-1/2"]
[PlyCount "46"]
[EventDate "2014.12.06"]

1. e4 c5 2. Nf3 d6 3. d4 cxd4 4. Nxd4 Nf6 5. Nc3 a6 6. Be2 e5 7. Nb3 Be7 8. O-O
O-O 9. Be3 Nc6 10. Kh1 Be6 11. f4 exf4 12. Bxf4 Rc8 13. Nd4 Ne5 14. Nxe6 fxe6
15. Qd4 Qc7 16. Rad1 Rfd8 17. Bg3 Qc5 18. h3 b5 19. Bxe5 Qxe5 20. Qxe5 dxe5 21.
Rxd8+ Rxd8 22. Bd3 Rd4 23. Kh2 Rd8 1/2-1/2

[Event "XXXV Memorial Edoardo Crespi Magistrale"]
[Site "Milano ITA"]
[Date "2014.12.12"]
[Round "8"]
[White "Podetti, Davide"]
[Black "Arigoni, Bruno"]
[WhiteElo "2002"]
[BlackElo "2029"]
[Result "1/2-1/2"]
[PlyCount "86"]
[EventDate "2014.12.06"]

1. e4 e5 2. Nc3 Nc6 3. Bc4 Nf6 4. d3 Na5 5. Nge2 Nxc4 6. dxc4 Bc5 7. O-O h6 8.
Qd3 Qe7 9. Be3 Bxe3 10. Qxe3 g5 11. Nd5 Nxd5 12. cxd5 d6 13. c4 O-O 14. b4 f5
15. exf5 Bxf5 16. Rac1 a5 17. a3 axb4 18. axb4 Ra4 19. Ra1 Rxb4 20. Qc3 Rb6 21.
Rae1 Qh7 22. Ra1 Bd3 23. Rfe1 Bxe2 24. Rxe2 Rb1+ 25. Rxb1 Qxb1+ 26. Re1 Qf5 27.
Qe3 Ra8 28. Qb3 b6 29. Qb5 Qf7 30. Qb3 Kg7 31. h4 Qf5 32. f3 Qf4 33. hxg5 hxg5
34. Qb2 Qxc4 35. Rxe5 dxe5 36. Qxe5+ Kg6 37. Qe6+ Kg7 38. Qe7+ Kh8 39. Qf6+ Kh7
40. Qf7+ Kh6 41. Qf6+ Kh7 42. Qf7+ Kh6 43. Qf6+ Kh7 1/2-1/2

[Event "XXXV Memorial Edoardo Crespi Magistrale"]
[Site "Milano ITA"]
[Date "2014.12.12"]
[Round "8"]
[White "Ricci, Marco"]
[Black "D'Avino, Gianfranco"]
[WhiteElo "2048"]
[BlackElo "2137"]
[Result "1/2-1/2"]
[PlyCount "139"]
[EventDate "2014.12.06"]

1. e4 d5 2. exd5 Nf6 3. d4 Nxd5 4. c4 Nf6 5. Nc3 e5 6. dxe5 Qxd1+ 7. Nxd1 Ne4
8. Bd3 Bb4+ 9. Ke2 Nc5 10. Bc2 Nc6 11. Be3 Be6 12. a3 Bxc4+ 13. Kf3 Ne6 14. Ba4
Bd5+ 15. Kg3 Bc5 16. Rc1 Bd4 17. Nf3 O-O-O 18. Nxd4 Nexd4 19. Bxd4 Nxd4 20. Nc3
g5 21. f3 c6 22. Rhd1 Bc4 23. Kf2 b5 24. Rxd4 Rxd4 25. Nxb5 cxb5 26. Bxb5 Rd5
27. Bxc4 Rxe5 28. Bxf7+ Kb7 29. Rd1 Kc7 30. Rc1+ Kd6 31. Bc4 Kc5 32. b3 h6 33.
Rd1 a5 34. a4 Rb8 35. h3 Rb6 36. Rd8 Kb4 37. Rh8 Rd6 38. Kg3 Rf5 39. Rb8+ Kc3
40. Rc8 Kd2 41. Re8 Rd4 42. Re2+ Kc3 43. Re3+ Kb4 44. Re4 Rxe4 45. fxe4 Rf4 46.
e5 h5 47. e6 Kc5 48. Kh2 Kd6 49. Kg1 h4 50. Kh2 Rxc4 51. bxc4 Kxe6 52. Kg1 Kd6
53. Kf2 Kc5 54. Kf3 Kxc4 55. Kg4 Kb3 56. Kxg5 Kxa4 57. Kxh4 Kb5 58. g4 a4 59.
g5 a3 60. g6 a2 61. g7 a1=Q 62. g8=Q Kc5 63. Qc8+ Kd6 64. Qf5 Qg7 65. Kh5 Ke7
66. Qe4+ Kf7 67. Qd5+ Kf8 68. Qd8+ Kf7 69. Qd7+ Kg8 70. Qxg7+ 1/2-1/2

[Event "XXXV Memorial Edoardo Crespi Magistrale"]
[Site "Milano ITA"]
[Date "2014.12.12"]
[Round "8"]
[White "Rozentalis, Eduardas"]
[Black "Pavlidis, Anastasios"]
[WhiteElo "2600"]
[BlackElo "2354"]
[Result "1-0"]
[PlyCount "77"]
[EventDate "2014.12.06"]

1. e4 e5 2. Nf3 Nc6 3. Bb5 g6 4. c3 Nge7 5. d4 exd4 6. cxd4 d5 7. exd5 Nxd5 8.
O-O Bg7 9. Re1+ Be6 10. Bg5 Qd6 11. Nc3 O-O 12. Ne4 Qb4 13. Bxc6 bxc6 14. Qc1
Rfe8 15. Bd2 Qb6 16. Nc5 Bf5 17. Ne5 Rad8 18. b3 Nf6 19. Qc4 Rd5 20. Rac1 Red8
21. Be3 Qb5 22. a4 Qb6 23. a5 Qb5 24. Qxb5 cxb5 25. Nc6 Re8 26. Nxa7 Bd7 27.
Nxd7 Nxd7 28. Nc6 Nb8 29. Nxb8 Rxb8 30. Rxc7 Bxd4 31. Rd1 Rbd8 32. a6 Bb6 33.
Rxd5 Rxd5 34. Rc1 Bxe3 35. fxe3 Rd7 36. Kf1 Kg7 37. Ke2 h5 38. Ra1 Ra7 39. Kd3
1-0

[Event "XXXV Memorial Edoardo Crespi Magistrale"]
[Site "Milano ITA"]
[Date "2014.12.12"]
[Round "8"]
[White "Stella, Andrea"]
[Black "Vezzosi, Paolo"]
[WhiteElo "2410"]
[BlackElo "2291"]
[Result "1/2-1/2"]
[PlyCount "29"]
[EventDate "2014.12.06"]

1. c4 e5 2. g3 Nf6 3. Bg2 Nc6 4. Nc3 Bb4 5. Nd5 Bc5 6. d3 h6 7. Nf3 O-O 8. O-O
Re8 9. e3 a5 10. b3 d6 11. Bb2 Bg4 12. h3 Bh5 13. d4 Ba7 14. Nxf6+ Qxf6 15. d5
1/2-1/2

[Event "XXXV Memorial Edoardo Crespi Magistrale"]
[Site "Milano ITA"]
[Date "2014.12.12"]
[Round "8"]
[White "Tramalloni, Luca"]
[Black "Podini, Francesco"]
[WhiteElo "2053"]
[BlackElo "2000"]
[Result "1/2-1/2"]
[PlyCount "56"]
[EventDate "2014.12.06"]

1. d4 Nf6 2. c4 c5 3. d5 b5 4. Nf3 g6 5. Qc2 d6 6. e4 Bg7 7. h3 b4 8. Bd3 O-O
9. O-O Nbd7 10. Bf4 Qc7 11. Re1 Ne8 12. Bh2 a5 13. a4 Bb7 14. Nbd2 Rd8 15. Rad1
Bc8 16. b3 Bc3 17. Re2 f6 18. Nb1 Be5 19. Qc1 Ng7 20. Rde1 Rf7 21. Kh1 Rdf8 22.
Bc2 Nh5 23. Nh4 Bxh2 24. Kxh2 Ng7 25. f4 Qd8 26. Qe3 e5 27. dxe6 Nxe6 28. Nf3
Qc7 1/2-1/2

[Event "XXXV Memorial Edoardo Crespi Magistrale"]
[Site "Milano ITA"]
[Date "2014.12.12"]
[Round "8"]
[White "Vanheirzeele, Daniel"]
[Black "Olea, Liliana"]
[WhiteElo "2081"]
[BlackElo "1928"]
[Result "1/2-1/2"]
[PlyCount "44"]
[EventDate "2014.12.06"]

1. d4 d5 2. c4 e6 3. Nf3 Nf6 4. g3 Be7 5. Bg2 O-O 6. Qc2 Bd7 7. O-O c6 8. b3
Na6 9. Nc3 b5 10. c5 b4 11. Na4 Ne4 12. Nd2 f5 13. Nxe4 fxe4 14. Bf4 Bf6 15.
Rad1 Re8 16. f3 exf3 17. Bxf3 e5 18. dxe5 Bxe5 19. Bxe5 Rxe5 20. e4 Nc7 21. Qd2
Rb8 22. Qf4 Qe8 1/2-1/2

[Event "XXXV Memorial Edoardo Crespi Magistrale"]
[Site "Milano ITA"]
[Date "2014.12.13"]
[Round "9"]
[White "Aleksic, Nenad"]
[Black "Ricci, Marco"]
[WhiteElo "2328"]
[BlackElo "2048"]
[Result "1-0"]
[PlyCount "101"]
[EventDate "2014.12.06"]

1. e4 e6 2. d4 d5 3. Nc3 Nf6 4. e5 Nfd7 5. Nf3 c5 6. dxc5 Nc6 7. Bf4 Bxc5 8.
Bd3 f6 9. exf6 Nxf6 10. O-O O-O 11. Ne5 Bd7 12. Qe2 Qe7 13. Rae1 Rae8 14. Bg3
Nxe5 15. Bxe5 Bc6 16. a3 a6 17. Kh1 g6 18. b4 Bd6 19. Nb1 Bxe5 20. Qxe5 Nd7 21.
Qe2 e5 22. c4 dxc4 23. Bxc4+ Kh8 24. Nc3 Nf6 25. f3 b5 26. Bd3 Qb7 27. Qe3 Kg7
28. h3 Re7 29. Rf2 Rfe8 30. Kg1 Kf7 31. Rfe2 Qc7 32. Be4 Bxe4 33. Nxe4 Nxe4 34.
Qxe4 Qb6+ 35. Kh1 Qd4 36. Qc2 Rd8 37. Re4 Qd3 38. Qf2 Qd5 39. Qh4 Kf8 40. f4
Rde8 41. fxe5 Kg8 42. Qg3 Kg7 43. Qc3 Re6 44. Rd4 Qb7 45. Rd6 Qf7 46. Qd4 Kg8
47. Rd7 R8e7 48. Rd5 Kg7 49. Kg1 Qe8 50. Rd6 Kg8 51. Rd8 1-0

[Event "XXXV Memorial Edoardo Crespi Magistrale"]
[Site "Milano ITA"]
[Date "2014.12.13"]
[Round "9"]
[White "Arigoni, Bruno"]
[Black "Goossens, Hanne"]
[WhiteElo "2029"]
[BlackElo "2090"]
[Result "0-1"]
[PlyCount "136"]
[EventDate "2014.12.06"]

1. e4 c5 2. Nc3 Nc6 3. g3 g6 4. Bg2 Bg7 5. Nge2 Rb8 6. O-O b5 7. d3 b4 8. Nd5
d6 9. h3 Nd4 10. Kh2 e6 11. Ne3 Ne7 12. f4 O-O 13. Ng1 Bd7 14. g4 f5 15. gxf5
exf5 16. Nc4 Be6 17. Ne3 a5 18. Nd5 Nxd5 19. exd5 Bd7 20. Rb1 Nb5 21. Bd2 a4
22. Nf3 a3 23. b3 Nc7 24. Ng5 h6 25. Ne6 Nxe6 26. dxe6 Bxe6 27. Qe1 Bf7 28. Qg3
Qf6 29. Bf3 Rfe8 30. Rg1 Kh7 31. Rg2 Re7 32. h4 Rg8 33. Kh3 Bh8 34. Qf2 Qd4 35.
Qg3 Bd5 36. Bxd5 Qxd5 37. Rbg1 Bd4 38. Re1 Qf7 39. Rxe7 Qxe7 40. Qf3 Re8 41. h5
gxh5 42. Qxh5 Qe6 43. Rg5 Rf8 44. Kh2 Rf7 45. Be1 Re7 46. Rg2 Bg7 47. Bh4 Re8
48. Be1 Rf8 49. Bh4 Qf7 50. Qf3 Re8 51. Qg3 Re6 52. Qh3 Bd4 53. Bg3 Rg6 54. Re2
Qd5 55. Re7+ Rg7 56. Rxg7+ Kxg7 57. Qh5 Qf7 58. Qxf7+ Kxf7 59. Kh3 Bf6 60. Bf2
Ke6 61. Kg3 Kd5 62. Kf3 h5 63. Kg2 Bb2 64. Kh3 Bc1 65. Kg3 h4+ 66. Kf3 h3 67.
Bh4 Bxf4 68. Kf2 Kd4 0-1

[Event "XXXV Memorial Edoardo Crespi Magistrale"]
[Site "Milano ITA"]
[Date "2014.12.13"]
[Round "9"]
[White "Cazzaniga, Walter"]
[Black "Stella, Andrea"]
[WhiteElo "2115"]
[BlackElo "2410"]
[Result "1/2-1/2"]
[PlyCount "96"]
[EventDate "2014.12.06"]

1. d4 Nf6 2. c4 g6 3. Nc3 d5 4. Nf3 Bg7 5. Qb3 dxc4 6. Qxc4 O-O 7. e4 Nc6 8.
Be2 Bg4 9. Be3 Bxf3 10. Bxf3 e5 11. d5 Nd4 12. Rc1 Ne8 13. Ne2 Nxf3+ 14. gxf3
Qf6 15. Rg1 Qxf3 16. Rc3 Nd6 17. Bg5 Qxe4 18. Qxe4 Nxe4 19. Rxc7 Nxg5 20. Rxg5
Rfd8 21. Nc3 b6 22. Rg4 f5 23. Rgc4 e4 24. Re7 Bf6 25. Rb7 Be5 26. Re7 Bd6 27.
Rb7 Bxh2 28. d6 Bxd6 29. Nd5 Rf8 30. Rc6 Be5 31. Re6 Rae8 32. Ne7+ Kf7 33. Rxe5
Kf6 34. f4 exf3 35. Re3 f4 36. Nd5+ Kf5 37. Rxe8 Rxe8+ 38. Kf1 Rd8 39. Nc3 Rd2
40. Rxh7 Rxb2 41. Rf7+ Kg4 42. Rxa7 Rc2 43. Ne4 Rc1+ 44. Kf2 Rc2+ 45. Kf1 Kf5
46. Nd6+ Kg4 47. Ne4 Kf5 48. Nd6+ Kg4 1/2-1/2

[Event "XXXV Memorial Edoardo Crespi Magistrale"]
[Site "Milano ITA"]
[Date "2014.12.13"]
[Round "9"]
[White "D'Avino, Gianfranco"]
[Black "Vanheirzeele, Daniel"]
[WhiteElo "2137"]
[BlackElo "2081"]
[Result "1/2-1/2"]
[PlyCount "24"]
[EventDate "2014.12.06"]

1. d4 Nf6 2. c4 e6 3. Nf3 b6 4. a3 c5 5. d5 Ba6 6. b3 exd5 7. cxd5 g6 8. Bb2
Bg7 9. g3 O-O 10. Bg2 Re8 11. e3 d6 12. Nfd2 Bb7 1/2-1/2

[Event "XXXV Memorial Edoardo Crespi Magistrale"]
[Site "Milano ITA"]
[Date "2014.12.13"]
[Round "9"]
[White "Gabuzyan, Hovhannes"]
[Black "Alvarado Diaz, Alejandro"]
[WhiteElo "2565"]
[BlackElo "2358"]
[Result "1/2-1/2"]
[PlyCount "94"]
[EventDate "2014.12.06"]

1. g3 g6 2. Bg2 Bg7 3. d4 c5 4. c3 cxd4 5. cxd4 Qb6 6. Nf3 d6 7. Nc3 Nf6 8. O-O
O-O 9. b3 Nc6 10. Bb2 Bg4 11. e3 d5 12. h3 Bxf3 13. Qxf3 e6 14. Na4 Qa5 15.
Rfc1 Rfc8 16. Qe2 Bf8 17. a3 Qd8 18. Rc2 Ne7 19. Rac1 Rxc2 20. Rxc2 Rc8 21. Nc5
Rc7 22. Rc3 Qc8 23. Qc2 b6 24. Nd3 Rxc3 25. Qxc3 Qxc3 26. Bxc3 Nc6 27. b4 Ne4
28. Be1 Nd6 29. a4 a6 30. Kf1 Nc4 31. Bf3 a5 32. bxa5 N6xa5 33. Be2 Bd6 34. Bc3
Kf8 35. g4 f6 36. Nb4 Kf7 37. Bd3 f5 38. gxf5 gxf5 39. Ke2 Kf6 40. f3 Kg5 41.
Be1 h6 42. Bc2 f4 43. h4+ Kh5 44. exf4 Bxb4 45. Bxb4 Nc6 46. Bc3 Nd6 47. Kf2
Nf5 1/2-1/2

[Event "XXXV Memorial Edoardo Crespi Magistrale"]
[Site "Milano ITA"]
[Date "2014.12.13"]
[Round "9"]
[White "Garano, Nicola"]
[Black "Battistella, Stefano"]
[WhiteElo "2189"]
[BlackElo "2055"]
[Result "1-0"]
[PlyCount "63"]
[EventDate "2014.12.06"]

1. e4 g6 2. d4 Bg7 3. Nf3 d6 4. Be3 Nf6 5. Nc3 c6 6. h3 O-O 7. Bd3 b5 8. e5
dxe5 9. Nxe5 Nd5 10. Qf3 Nxc3 11. bxc3 Be6 12. O-O Bd5 13. Qg3 Nd7 14. a4 a6
15. a5 c5 16. Rfd1 c4 17. Be2 Nf6 18. Bf4 Be4 19. Re1 Rc8 20. Qe3 Qd5 21. g4
Bxc2 22. Bf3 Qe6 23. Qd2 Be4 24. Bxe4 Nd5 25. Nf3 Rfd8 26. Bf5 Qc6 27. Bxc8
Rxc8 28. Ne5 Qb7 29. Qc1 f6 30. Nf3 Nb4 31. cxb4 Qxf3 32. Qe3 1-0

[Event "XXXV Memorial Edoardo Crespi Magistrale"]
[Site "Milano ITA"]
[Date "2014.12.13"]
[Round "9"]
[White "Nicolo', Filippo"]
[Black "Iudicello, Giovanni"]
[WhiteElo "2062"]
[BlackElo "2099"]
[Result "0-1"]
[PlyCount "66"]
[EventDate "2014.12.06"]

1. d4 Nf6 2. Nf3 g6 3. Nc3 d5 4. Bf4 Bg7 5. Qd2 h6 6. Ne5 c6 7. f3 Nbd7 8. Nxd7
Bxd7 9. e4 Be6 10. Be2 h5 11. O-O O-O 12. Rad1 Kh7 13. Kh1 Qd7 14. Qe1 Bh6 15.
Bxh6 Kxh6 16. e5 Ng8 17. g4 hxg4 18. fxg4 Kg7 19. g5 f6 20. exf6+ exf6 21. Qh4
Bf5 22. Bd3 fxg5 23. Qxg5 Qe7 24. Rxf5 Rxf5 25. Qxe7+ Nxe7 26. Bxf5 Nxf5 27.
Ne2 Re8 28. Rd2 Kf6 29. c3 Nh4 30. Rc2 Kg5 31. Kg1 Kg4 32. b4 Nf3+ 33. Kg2 Ne1+
0-1

[Event "XXXV Memorial Edoardo Crespi Magistrale"]
[Site "Milano ITA"]
[Date "2014.12.13"]
[Round "9"]
[White "Olea, Liliana"]
[Black "Motola, Jacopo"]
[WhiteElo "1928"]
[BlackElo "2069"]
[Result "0-1"]
[PlyCount "40"]
[EventDate "2014.12.06"]

1. e4 c5 2. Nf3 Nc6 3. Bb5 e6 4. Bxc6 bxc6 5. O-O d6 6. d3 Be7 7. Re1 e5 8.
Nbd2 Bf6 9. Nc4 Ne7 10. Bd2 Ng6 11. Qc1 Bg4 12. Ba5 Qd7 13. Qe3 Nf4 14. Ncd2
Bh3 15. Nxe5 Bxe5 16. gxh3 Nxh3+ 17. Kg2 Qg4+ 18. Kh1 Bf4 19. Qe2 Qh4 20. Rf1
Ng1 0-1

[Event "XXXV Memorial Edoardo Crespi Magistrale"]
[Site "Milano ITA"]
[Date "2014.12.13"]
[Round "9"]
[White "Pavlidis, Anastasios"]
[Black "Vezzosi, Paolo"]
[WhiteElo "2354"]
[BlackElo "2291"]
[Result "1-0"]
[PlyCount "69"]
[EventDate "2014.12.06"]

1. Nf3 Nf6 2. d4 g6 3. c4 Bg7 4. Nc3 O-O 5. e4 d6 6. Be2 Bg4 7. Be3 Nc6 8. d5
Bxf3 9. Bxf3 Ne5 10. Be2 c5 11. f4 Ned7 12. O-O a6 13. a4 Qc7 14. Qd2 Rfe8 15.
g4 Nf8 16. g5 N6d7 17. Bd3 e6 18. Rae1 Bd4 19. Bb1 Nb6 20. b3 exd5 21. cxd5
Bxe3+ 22. Rxe3 Nbd7 23. Bd3 Qa5 24. Bc4 Rab8 25. Qe2 Qd8 26. Qg2 Qa5 27. Qe2
Qd8 28. Kh1 h6 29. e5 dxe5 30. fxe5 Qxg5 31. e6 f5 32. d6 Kh8 33. Nd5 Nf6 34.
e7 N8d7 35. Rg3 1-0

[Event "XXXV Memorial Edoardo Crespi Magistrale"]
[Site "Milano ITA"]
[Date "2014.12.13"]
[Round "9"]
[White "Podini, Francesco"]
[Black "Pelizzola, Danilo"]
[WhiteElo "2000"]
[BlackElo "2033"]
[Result "0-1"]
[PlyCount "74"]
[EventDate "2014.12.06"]

1. d4 Nf6 2. Nf3 e6 3. Bf4 b6 4. e3 Bb7 5. Bd3 Be7 6. Nbd2 d5 7. c3 Nbd7 8. a4
O-O 9. Qb1 c5 10. Ne5 h6 11. h3 Nxe5 12. dxe5 Nd7 13. Nf3 f5 14. g4 d4 15. Be2
dxe3 16. fxe3 Bh4+ 17. Kf1 fxg4 18. hxg4 Bg5 19. Qg6 Qe8 20. Qxe8 Raxe8 21. Kg2
Bxf4 22. exf4 Rxf4 23. Kg3 Ref8 24. Rhf1 Bxf3 25. Rxf3 Rxf3+ 26. Bxf3 Nxe5 27.
Be4 Kf7 28. a5 b5 29. a6 Nc4 30. Bc6 Nd6 31. Rd1 Ke7 32. Re1 b4 33. Re5 bxc3
34. bxc3 Kf6 35. Re2 Rb8 36. Bd7 e5 37. Bc6 Rb6 0-1

[Event "XXXV Memorial Edoardo Crespi Magistrale"]
[Site "Milano ITA"]
[Date "2014.12.13"]
[Round "9"]
[White "Rozentalis, Eduardas"]
[Black "Legky, Nikolay A."]
[WhiteElo "2600"]
[BlackElo "2406"]
[Result "1/2-1/2"]
[PlyCount "21"]
[EventDate "2014.12.06"]

1. e4 e6 2. d4 d5 3. exd5 exd5 4. Bd3 Bd6 5. Ne2 Ne7 6. Bf4 c6 7. O-O Bf5 8.
Bxd6 Qxd6 9. Bxf5 Nxf5 10. Qd3 g6 11. Nd2 1/2-1/2

[Event "XXXV Memorial Edoardo Crespi Magistrale"]
[Site "Milano ITA"]
[Date "2014.12.13"]
[Round "9"]
[White "Tramalloni, Luca"]
[Black "Podetti, Davide"]
[WhiteElo "2053"]
[BlackElo "2002"]
[Result "1-0"]
[PlyCount "63"]
[EventDate "2014.12.06"]

1. d4 e6 2. c4 Nf6 3. g3 c5 4. d5 exd5 5. cxd5 d6 6. Nc3 g6 7. Bg2 Bg7 8. Nf3
O-O 9. O-O Re8 10. Nd2 Nbd7 11. a4 a6 12. Nc4 Ne5 13. Na3 b5 14. axb5 axb5 15.
Ncxb5 Ba6 16. Nc3 Nc4 17. Nxc4 Bxc4 18. Rxa8 Qxa8 19. Re1 Qb7 20. Qa4 Ba6 21.
Qc6 Nd7 22. Qxb7 Bxb7 23. Bf4 Bxc3 24. bxc3 Ne5 25. Rb1 Ba6 26. e4 Bd3 27. Rb6
Nc4 28. Rc6 Bxe4 29. Bxd6 Bxg2 30. Kxg2 Nxd6 31. Rxd6 Re4 32. Rc6 1-0

[Event "III Trofeo Antica Scuola Napoletana A"]
[Site "Napoli ITA"]
[Date "2014.12.04"]
[Round "1"]
[White "Angelotti, Mario"]
[Black "Zinnai, Graziano Matteo"]
[WhiteElo "1716"]
[BlackElo "2063"]
[Result "0-1"]
[PlyCount "36"]
[EventDate "2014.12.04"]

1. d4 Nf6 2. Bg5 g6 3. Bxf6 exf6 4. e4 Bg7 5. Bd3 O-O 6. Ne2 d6 7. O-O Re8 8.
c3 c5 9. Nd2 Nc6 10. d5 Ne7 11. f4 f5 12. Ng3 a6 13. Qc2 b5 14. c4 bxc4 15.
Bxc4 fxe4 16. Ndxe4 Nf5 17. Rae1 Bd4+ 18. Kh1 Ne3 0-1

[Event "III Trofeo Antica Scuola Napoletana A"]
[Site "Napoli ITA"]
[Date "2014.12.04"]
[Round "1"]
[White "Buiano, Fabio"]
[Black "Minopoli, Francesco"]
[WhiteElo "2104"]
[BlackElo "1741"]
[Result "1-0"]
[PlyCount "63"]
[EventDate "2014.12.04"]

1. e4 c5 2. Nf3 d6 3. c3 Nc6 4. d4 cxd4 5. cxd4 e6 6. Nc3 Nf6 7. Bd3 Be7 8. O-O
Bd7 9. Re1 O-O 10. e5 dxe5 11. dxe5 Nd5 12. Ne4 f6 13. exf6 Bxf6 14. Qe2 Qe7
15. Neg5 Nd4 16. Bxh7+ Kh8 17. Qe4 Nxf3+ 18. Nxf3 Qc5 19. Bg6 Qb4 20. Ng5 Bxg5
21. Bxg5 Qxe4 22. Rxe4 Rac8 23. Rae1 Rc6 24. g3 Kg8 25. h4 Nf6 26. Rd4 Rc7 27.
h5 Nd5 28. f4 Rfc8 29. f5 Rc4 30. Rxc4 Rxc4 31. fxe6 Bc6 32. e7 1-0

[Event "III Trofeo Antica Scuola Napoletana A"]
[Site "Napoli ITA"]
[Date "2014.12.04"]
[Round "1"]
[White "Buonanno, Raffaele"]
[Black "Ficco, Corrado"]
[WhiteElo "1689"]
[BlackElo "2038"]
[Result "0-1"]
[PlyCount "67"]
[EventDate "2014.12.04"]

1. d4 g6 2. c4 Bg7 3. Nc3 d6 4. e4 Nd7 5. Be3 b6 6. f4 e6 7. Nf3 Ne7 8. Bd3 Bb7
9. Qd2 h6 10. O-O-O a6 11. Rdg1 c5 12. d5 exd5 13. exd5 Qc7 14. g4 O-O-O 15. h4
Rde8 16. Ne4 Nf6 17. Nxf6 Bxf6 18. Re1 b5 19. Qc2 bxc4 20. Bxc4 Nxd5 21. Bd2
Nb4 22. Qb3 d5 23. Be2 Nc6 24. Qc2 Nd4 25. Nxd4 Bxd4 26. Qa4 Qb6 27. b3 Re4 28.
Qa3 Bf2 29. Ba5 Qc6 30. Bd3 Bxe1 31. Bxe4 Bxa5 32. Qxa5 dxe4 33. Qc3 Rd8 34.
Rd1 0-1

[Event "III Trofeo Antica Scuola Napoletana A"]
[Site "Napoli ITA"]
[Date "2014.12.04"]
[Round "1"]
[White "Caiazzo, Diego"]
[Black "Auletta, Angelo"]
[WhiteElo "1748"]
[BlackElo "2154"]
[Result "0-1"]
[PlyCount "110"]
[EventDate "2014.12.04"]

1. Nf3 Nf6 2. d4 g6 3. g3 Bg7 4. Bg2 O-O 5. O-O d6 6. c3 Nc6 7. Nbd2 e5 8. dxe5
dxe5 9. Qc2 Qe7 10. e4 h6 11. h3 Be6 12. b3 Rfd8 13. Bb2 a5 14. a4 Qc5 15. Ba3
Qb6 16. Rab1 Nd7 17. Rfd1 Nc5 18. Nc4 Bxc4 19. bxc4 Rxd1+ 20. Qxd1 Qa7 21. Qc2
Ne6 22. Rd1 Rd8 23. Rd5 Qa8 24. Qd1 Bf8 25. Bxf8 Kxf8 26. Qc1 Kg7 27. Nxe5 Nxe5
28. Rxe5 c6 29. Kh2 b6 30. Qe3 Qb8 31. Rxe6 fxe6 32. e5 c5 33. Bf3 Qc7 34. Be4
Qxe5 35. f4 Qd6 36. Bg2 Re8 37. Qe4 e5 38. f5 gxf5 39. Qxf5 Qe6 40. Qe4 Rf8 41.
Qe2 Qf5 42. h4 e4 43. Kg1 Re8 44. Qe3 Rd8 45. Bxe4 Re8 46. Qxh6+ Kxh6 47. Bxf5
Re3 48. g4 Rxc3 49. Be6 Ra3 50. Bd7 Ra2 51. Kh1 Rb2 52. Kg1 Kg6 53. Kh1 Rb4 54.
Bb5 Rxb5 55. cxb5 c4 0-1